[Event "SVK-chT5 A22 2223"]
[Site "Slovakia"]
[Date "2023.02.18"]
[Round "7.1"]
[White "Janas, Peter"]
[Black "Stanko, Michal"]
[Result "0-1"]
[WhiteElo "1652"]
[BlackElo "1404"]
[PlyCount "60"]
[EventDate "2022.10.15"]
[EventType "team-tourn"]
[EventRounds "9"]
[EventCountry "SVK"]
[SourceTitle "EXT 2024"]
[Source "ChessBase"]
[SourceDate "2023.10.10"]
[SourceVersion "1"]
[SourceVersionDate "2023.10.10"]
[SourceQuality "1"]
[WhiteTeam "Hlohovec III"]
[BlackTeam "Cifer IV"]
[WhiteTeamCountry "SVK"]
[BlackTeamCountry "SVK"]

1. Nf3 d5 2. e3 Bg4 3. Be2 e6 4. b3 Be7 5. Bb2 Nf6 6. 0-0 c5 7. d3 Nc6 8. Nbd2 0-0 9. Ne5 Nxe5 10. Bxe5 Bf5 11. h4 Nd7 12. Bxg7 Kxg7 13. g4 Bd6 14. gxf5 Qxh4 15. f4 Kh8 16. Bf3 Rg8+ 17. Bg2 d4 18. Ne4 dxe3 19. Qe1 Qg4 20. Ng5 Bxf4 21. Rxf4 Qxg5 22. Qe2 Qxf4 23. Rf1 Qh6 24. fxe6 Rae8 25. Rf3 Rxg2+ 26. Kxg2 Rg8+ 27. Rg3 Rxg3+ 28. Kxg3 Ne5 29. d4 Qg5+ 30. Kh3 Qg4+ 0-1

[Event "SVK-chT3A2 2223"]
[Site "Slovakia"]
[Date "2022.12.18"]
[Round "4.8"]
[White "Stanko, Michal"]
[Black "Havlicek, Peter"]
[Result "1/2-1/2"]
[WhiteElo "1369"]
[BlackElo "1700"]
[PlyCount "76"]
[EventDate "2022.10.16"]
[EventType "team-tourn"]
[EventRounds "9"]
[EventCountry "SVK"]
[SourceTitle "EXT 2024"]
[Source "ChessBase"]
[SourceDate "2023.10.10"]
[SourceVersion "1"]
[SourceVersionDate "2023.10.10"]
[SourceQuality "1"]
[WhiteTeam "Cifer II"]
[BlackTeam "Senica SK"]
[WhiteTeamCountry "SVK"]
[BlackTeamCountry "SVK"]

1. Nf3 d5 2. d4 e6 3. c4 c5 4. dxc5 Bxc5 5. cxd5 exd5 6. e3 a6 7. Bd2 Nc6 8. Nc3 Nf6 9. Be2 0-0 10. 0-0 Bf5 11. Na4 Bd6 12. Bc3 Be4 13. Bd3 b5 14. Bxf6 Qxf6 15. Nc3 Bxf3 16. Qxf3 Qxf3 17. gxf3 Ne7 18. f4 Rad8 19. Ne2 Rc8 20. a4 Rb8 21. axb5 axb5 22. Nd4 b4 23. Ra6 Bc5 24. Nc6 Nxc6 25. Rxc6 Rfc8 26. Rxc8+ Rxc8 27. Rc1 h6 28. Be2 Kf8 29. Bf3 Ke7 30. Bxd5 f6 31. Kg2 Kd6 32. e4 Rc7 33. Rc4 f5 34. Bg8 fxe4 35. Rxe4 Re7 36. Rxe7 Kxe7 37. h4 Kf6 38. b3 Be7 1/2-1/2

[Event "SVK-chT3A2 2223"]
[Site "Slovakia"]
[Date "2022.10.16"]
[Round "1.7"]
[White "Orvisky, Vladimir"]
[Black "Stanko, Michal"]
[Result "1-0"]
[WhiteElo "1603"]
[BlackElo "1340"]
[PlyCount "63"]
[EventDate "2022.10.16"]
[EventType "team-tourn"]
[EventRounds "9"]
[EventCountry "SVK"]
[SourceTitle "EXT 2024"]
[Source "ChessBase"]
[SourceDate "2023.10.10"]
[SourceVersion "1"]
[SourceVersionDate "2023.10.10"]
[SourceQuality "1"]
[WhiteTeam "Piestany Kupele II"]
[BlackTeam "Cifer II"]
[WhiteTeamCountry "SVK"]
[BlackTeamCountry "SVK"]

1. c4 Nf6 2. Nc3 e6 3. e4 Bb4 4. e5 Bxc3 5. bxc3 Ng8 6. d4 Ne7 7. f4 d6 8. Nf3 b6 9. Be2 Bb7 10. Qc2 dxe5 11. fxe5 Nd7 12. 0-0 h6 13. Bd3 c5 14. Be3 cxd4 15. cxd4 Rc8 16. Qf2 0-0 17. Qg3 Kh8 18. Qh3 Kg8 19. Bxh6 gxh6 20. Qxh6 f5 21. Ng5 Rf7 22. Qxe6 Qe8 23. Qxf7+ Qxf7 24. Nxf7 Kxf7 25. Bxf5 Nxf5 26. Rxf5+ Ke6 27. Raf1 Rxc4 28. R5f4 Rc2 29. Rg4 Rxa2 30. Rg6+ Kd5 31. e6 Kd6 32. exd7+ 1-0

[Event "SVK-chT3A2 2122"]
[Site "Slovakia"]
[Date "2022.02.27"]
[Round "10.4"]
[White "Stanko, Michal"]
[Black "Pericka, Tomas"]
[Result "0-1"]
[WhiteElo "1445"]
[BlackElo "2018"]
[PlyCount "40"]
[EventDate "2021.10.10"]
[EventType "team-tourn"]
[EventRounds "11"]
[EventCountry "SVK"]
[SourceTitle "EXT 2023"]
[Source "ChessBase"]
[SourceDate "2022.10.05"]
[SourceVersion "1"]
[SourceVersionDate "2022.10.05"]
[SourceQuality "1"]
[WhiteTeam "Cifer II"]
[BlackTeam "Senica CVC"]
[WhiteTeamCountry "SVK"]
[BlackTeamCountry "SVK"]

1. d4 c5 2. dxc5 Nc6 3. Bd2 Nf6 4. Nc3 g6 5. e3 Bg7 6. a3 a5 7. Nf3 0-0 8. g3 b6 9. cxb6 Qxb6 10. Ra2 d6 11. a4 Bf5 12. Bg2 Nb4 13. Nd4 Bg4 14. Qa1 e5 15. Ne4 exd4 16. Nxf6+ Bxf6 17. Bxb4 Qxb4+ 18. Kf1 Rac8 19. b3 dxe3 20. Qe1 e2+ 0-1